Comparative administrative law issues regarding central and local government

Detalles Bibliográficos
Formato: eBook
Lenguaje:inglés
Publicado: Bucarest: Bucharest Academy of Economic Studies, 2018
Materias:
Acceso en línea:Acceso restringido

MARC

LEADER 00000nam a22000007a 4500
005 20191220112122.0
007 cr|||| ||||
008 191220s2018 ro |||||s|||| 00||0 eng d
020 |a 978-606-94312-6-9 
035 |a 30241 
040 |a vLex 
090 |c 10084  |d 10084 
245 0 0 |a Comparative administrative law issues regarding central and local government  |h [Recurso electrn̤ico] / 
256 |a Servicio en ln̕ea 
260 |a Bucarest:  |b Bucharest Academy of Economic Studies,  |c 2018 
300 |a 1 recurso electrn̤ico 
500 |a The purpose of this book is to study comparative administrative law in the main EU states and the United States of America and Canada and then to provide proposals for the modernization of Romanian public administration in order to increase administrative convergence and to better meet the needs of citizens. In this book, the author aims to realize a dynamic approach by looking at the contemporary challenges and perspectives of the future of the contemporary administrations and on the other hand the modifications to be made at the level of the Romanian administrative law to increase the degree of convergence. The basic institutional values ??at European and global level (functionality, transparency, predictability, accountability, adaptability, efficiency, subsidiarity) must also be implemented within the Romanian public administration at all levels and must be protected by the public authorities empowered by the legislation in force to monitor and control this process of adaptation to the requirements of the European Administrative Space and Global Administrative Law. The book Comparative administrative law issues regarding central and local government is a very useful material for students, master students, doctoral students, teachers, researchers and practitioners in the legal and administrative sciences (advocates, solicitors, notaries, referees, judges, civil servants, officials etc.) and generally for all those interested in the administrative phenomenon. 
506 1 |a Disponible solo en los productos indicados  |d vLex Global  |d vLex Global (Academic Edition, excluding Law Schools)  |d vLex Global (U.S. Academic Edition, Law Schools)  |d vLex Global (U.S. Academic Edition, excluding Law Schools)  |d vLex Global (Academic Edition, Law Schools) 
650 0 4 |a Derecho Pb︢lico y Administrativo  |z Rumania 
740 0 |a vLex Libros (Servicio en ln̕ea) 
856 4 0 |u http://vlex.com/source/comparative-administrative-law-issues-regarding-central-and-local-government-30241  |z Acceso restringido 
942 |c BOOK 
999 0 |a Public and Administrative Law